| 000 | 00566nam a2200217 a 4500 | ||
|---|---|---|---|
| 001 | BRCA_6244 | ||
| 005 | 20190320205401.0 | ||
| 008 | 200711s1927----mx-#######---#000-0#spa-# | ||
| 041 | _aspa | ||
| 044 | _amx | ||
| 050 | 4 |
_aHG175 _b.M37 1927 |
|
| 100 | 1 |
_aMartin, Germain _915683 |
|
| 245 | 1 | 0 |
_aCinco estudios financieros _cGermain Martin. |
| 260 |
_aMéxico _bBoletín Financiero y Minero de México _c1927 |
||
| 300 |
_a33 p. _c22 cm. |
||
| 500 | _aK104 | ||
| 650 | 1 | 4 |
_aFinanzas _915684 |
| 651 | 4 |
_aMéxico _xFinanzas _915685 |
|
| 902 | _aGFM | ||
| 942 |
_2lcc _cB |
||
| 999 |
_c5931 _d5931 |
||